000 00520nam a2200193 a 4500
001 1767414372704
003 YourLibrary
005 20260103103043.0
008 260103s2008##################000#0#eng##
020 _a9780143065180
082 0 4 _a297.4092
_bJAF
100 1 _aJaffer, Mehru,
_eauthor.
245 1 0 _aThe Book of Muinuddin Chishti :
260 _bPenguin Books India,
_c2008.
300 _a172 pages
650 0 _aBiography & Autobiography.
942 _cENGLISH
040 _aYourLibrary
_beng
_cYourLibrary
999 _c607038
_d607038